Doris Day Quiz - Statistics

General Stats
  • This quiz has been taken 53 times
  • The average score is 11 of 17
Answer Stats
Question Answer % Correct
1955 movie: Love Me Or ____ Me Leave
94%
1959 movie: Pillow ____ Talk
94%
1964 movie: Send Me No _____ Flowers
90%
1960 movie: Please Don't Eat the _____ Daisies
88%
Number of grammy awards she was nominated for Two
80%
President she briefly dated before falling for another man Ronald Reagan
78%
State of birth Ohio
76%
Tragic accident that ended her dancing career Car Accident
70%
Son Terrance "Terry" Melcher
68%
City of birth Cincinnati
66%
Film producer that she married in 1951 Martin Melcher
64%
Complete the quote: Any girl can look glamorous, just stand there and look _____ Stupid
48%
Song that she refused to sing Que Sera
46%
Trombonist that she married in 1941 Al Jorden
38%
Mother Alma Welz Kappelhoff
36%
Saxophonist that she married in 1946 George Weidler
32%
Birth name Doris Mary Kappelhoff
24%
No matching quizzes found
Score Distribution
Percent of People with Each Score
Percentile by Number Answered
Your Score History
You have not taken this quiz